| 000 | 00484cam a2200181ua 4500 | ||
|---|---|---|---|
| 020 | _cRs 2.50 | ||
| 041 |
_amal _h |
||
| 082 |
_a894.812 1 _bACH/KA |
||
| 100 | _aAchuthan Namboodiri, Akkitham . | ||
| 245 |
_aKorathalamalakam / _cAkkitham Achuthan Namboodiri. _hTextual Documents |
||
| 260 |
_aThrissur : _bThe Mangalodayam Pvt Ltd , _c1969. |
||
| 300 | _a151 ; . | ||
| 365 | _aRs 2.50 | ||
| 504 | _a | ||
| 650 | _aPoems - Malayalam | ||
| 942 | _cBK | ||
| 999 |
_c576 _d576 |
||